000 00938cam a2200193 4500500
005 20251228052320.0
041 _afre
042 _adc
100 1 0 _aNieuviarts, Jacques
_eauthor
245 0 0 _aLa foi à l'école du pèlerinage, des sanctuaires et des lieux saints
260 _c2011.
500 _a16
520 _aRésuméSous forme de témoignage pastoral, cette contribution, après un bref historique des pèlerinages chrétiens, s’intéresse aux sanctuaires comme lieux qui non seulement parlent à ceux qui s’y rendent, mais sont lieux de mémoire de la foi, et traces sur un chemin à poursuivre, constituant ainsi une véritable école de la foi.
690 _alieux saints
690 _apèlerinage
690 _asanctuaire
786 0 _nTransversalités | 119 | 3 | 2011-09-01 | p. 103-110 | 1286-9449
856 4 1 _uhttps://shs.cairn.info/revue-transversalites-2011-3-page-103?lang=fr&redirect-ssocas=7080
999 _c1583279
_d1583279